000 00536nam a22001817a 4500
005 20250704111121.0
010 _aENG-145667
020 _a9789390663064
_c270.00
035 _aEN-129199
037 _bDBAD
082 _a881
100 _aAnand Jernail Singh
_982575
245 _aNeo Barbarians /
_cJernail Singh Anand [ et.al]
260 _aGurugram, Haryana
_bGlobal Fraternity of Poets
_c2021
270 _aH-23/16, DLF Phase-1
_bGurugram
_e122002
300 _a101p.
_c21.2cm(pb)
942 _2ddc
_cEN
_h881
_mANA
999 _c212073
_d212073